Canova´s reclining naiad (Record no. 7683)

MARC details
000 -CABECERA
campo de control de longitud fija 00916nam a2200265 a 4500
001 - NÚMERO DE CONTROL
campo de control BRCA_8014
005 - FECHA Y HORA DE LA ÚLTIMA TRANSACCIÓN
campo de control 20190320210109.0
008 - DATOS DE LONGITUD FIJA--INFORMACIÓN GENERAL
campo de control de longitud fija 190314s1970----nyua###f##---#001-0#eng-#
041 ## - CÓDIGO DE LENGUA
Código de lengua del texto/banda sonora o título independiente eng
044 ## - CÓDIGO DEL PAÍS DE LA ENTIDAD EDITORA/PRODUCTORA
Código MARC del país nyu
050 #4 - SIGNATURA TOPOGRÁFICA DE LA BIBLIOTECA DEL CONGRESO
Número de clasificación NB1160
Número de documento/Ítem .G624
-- 1970
100 1# - ENTRADA PRINCIPAL--NOMBRE DE PERSONA
Nombre de persona Goldsmith Phillips, John
9 (RLIN) 19904
245 10 - MENCIÓN DE TÍTULO
Título Canova´s reclining naiad
Mención de responsabilidad, etc. John Goldsmith Phillips.
260 ## - PUBLICACIÓN, DISTRIBUCIÓN, ETC.
Lugar de publicación, distribución, etc. New York
Nombre del editor, distribuidor, etc. The Metropolitan Museum of Art
Fecha de publicación, distribución, etc. 1970
300 ## - DESCRIPCIÓN FÍSICA
Extensión 32 p.
Otras características físicas il.
Dimensiones 25 cm.
440 #0 - MENCIÓN DE SERIE/PUNTO DE ACCESO ADICIONAL--TÍTULO
Título Summer Bulletin 1970
9 (RLIN) 19905
500 ## - NOTA GENERAL
Nota general 3147
500 ## - NOTA GENERAL
Nota general En portada : deep dish valencian (Manices) 1450-1470, diameter 18 1/4 inches. The Closter Collection
500 ## - NOTA GENERAL
Nota general Publicación periódica inventariada como libro por el Banco de México
600 14 - PUNTO DE ACCESO ADICIONAL DE MATERIA--NOMBRE DE PERSONA
Nombre de persona Canova, Antonio
Subdivisión cronológica 1757-1822
9 (RLIN) 19906
650 14 - PUNTO DE ACCESO ADICIONAL DE MATERIA--TÉRMINO DE MATERIA
Término de materia o nombre geográfico como elemento de entrada Escultores italianos
9 (RLIN) 7653
650 14 - PUNTO DE ACCESO ADICIONAL DE MATERIA--TÉRMINO DE MATERIA
Término de materia o nombre geográfico como elemento de entrada Escultura
Subdivisión de forma Técnicas y diseños
Subdivisión geográfica Italia
9 (RLIN) 19907
902 ## - CATALOGADOR
Iniciales GFM
942 ## - ELEMENTOS DE PUNTO DE ACCESO ADICIONAL (KOHA)
Fuente del sistema de clasificación o colocación Library of Congress Classification
Tipo de ítem Koha Libros
Holdings
Estado de retiro Estado de pérdida Estado dañado No para préstamo Localización permanente Ubicación/localización actual Fecha de adquisición Número de inventario Total de préstamos Signatura topográfica completa Código de barras Fecha visto por última vez Precio válido a partir de Tipo de ítem Koha
El ejemplar forma parte de la colección y puede ser consultado según las políticas vigentes.       Biblioteca del Museo Franz Mayer (Rogerio Casas-Alatriste) Biblioteca del Museo Franz Mayer (Rogerio Casas-Alatriste) 19/03/2014 3147   NB1160 .G624 1970 (3147) 8625 22/03/2019 22/03/2019 Libros